| 000 | 00688nam a22002177a 4500 | ||
|---|---|---|---|
| 005 | 20260319064309.0 | ||
| 008 | 130903b2006 ag ||||| |||| 00| 0 spa d | ||
| 020 | _a9789875732087 | ||
| 040 | _aAR-MoUNM | ||
| 082 | 0 |
_220 _a808.068 3 _bMENDE 538 |
|
| 100 | 1 |
_94863 _aMéndez, Mario, _d1965- |
|
| 245 | 1 | 0 |
_aNoches siniestras en Mar del Plata / _cMario Méndez. |
| 260 |
_aBuenos Aires : _bEdiciones SM, _c2006. |
||
| 300 |
_a82 p. ; _c19 cm. |
||
| 490 | 0 |
_a(Barco de vapor. Roja ; _v11) |
|
| 500 | _aRecomendado para niños a partir de 12 años. | ||
| 650 | 7 |
_aLITERATURA _zARGENTINA _2unescot _91913 |
|
| 650 | 7 |
_aCUENTO _2unescot _9185 |
|
| 653 | _aLITERATURA INFANTIL | ||
| 942 | _cLIBRO | ||
| 999 |
_c2285 _d2285 |
||